000 00466nam a22001937a 4500
005 20200302152117.0
008 200302b xxu||||| |||| 00| 0 eng d
020 _a9781847083258
_cRs 1099
040 _beng
041 _aEnglish
082 _aF
_bHOM
100 _aHomes, A.M.
245 _aDays of awe
_cA. M. Homes
260 _aLondon
_bGranta Publications
_c2018
300 _a288p
_b24 cm
650 _aFiction in English
850 _aLCLIB
942 _cBK
999 _c42597
_d93076